000 00589nam a2200229Ia 4500
003 OSt
005 20220928112708.0
006 a|||||r|||| 00| 0
007 ta
008 220927b |||||||| |||| 00| 0 eng d
024 _a35337
037 _cTextual
040 _aSDCL
_cSDCL
_beng
041 _2eng
_aeng
082 _aV2:24'N8, M5
100 _aPandey V P
_9429312
245 0 _aIssues in Indian politics
260 _aDelhi
_bDurga Publications
_c1985
300 _av,244p
_ccm.
942 _hV2:24'N8, M5
_cTEXL
_2CC
999 _c745823
_d745823